1661 1465 1800 1283 1940 1078 1474 1834 1471 1747 1475 1560 1882 1267 1042 1354 1717 1710 1961 1050 1700 1719 1301 1929 1635 1328 1009 1888 1802 1889 1995 1547 1062 1228 1249 1923 1407 1122 1193 1481 1728 1940 1697 1627 1983 1343 1759 1688 1147 1845 1193 1346 1409 1308 1519 1432 1598 1984 1198 1794 1126 1157 1027 1707 1761 1571 1320 1555 1385 1332 1652 1151 1135 1545 1745 1514 1476 1756 1517 1678 1014 1231 1166 1063 1649 1455 1159 1551 1741 1629 1434 1356 1815 1413 1574 1609 1340 1923 1626 BCNSPRNW ULIB Ver.6.0+V

เปลี่ยนเป็นภาษาไทย

Change to English
 แสดงรายละเอียดบรรณานุกรม
  กลับหน้าหลัก

Brief Record : Get Marc (ISO 2709) : E-mail record : QR code < ปิดหน้าต่าง
LEADER : 00000nam 2200000uu 4500
001    13399108695
003     ULIB
008    110311s2548||||th 000 0 tha d
020    9749712587
020    9789749712580
060 04 QT4^bว435ส 2548
100 0  วันเพ็ญ ภูติจันทร์
245 10 สรีรวิทยาทั่วไป =^bGeneral physiology /^cวันเพ็ญ ภูติจันทร์
246 31 General physiology
250    พิมพ์ครั้งที่ 1
260    กรุงเทพฯ :^bโอเดียนสโตร์,^c2548
300    384 หน้า :^bภาพประกอบ ;^c24 ซม.
650  7 สรีรวิทยา
945    ^p250^l0^i24572
945    ^p250^l0^i24571
945    ^p250^l0^i16701
945    ^p250^l0^i16700
945    ^p250^l0^i16640
945    ^p250^l0^i24570
995    เกษร
999 ^a ใช้งานได้ทุกระบบ
รายการนี้ยังไม่มีแท็ก
คุณยังไม่ได้ล็อกอิน คุณสามารถมีกิจกรรมร่วมกับเว็บไซต์ได้ แต่ต้องล็อกอินก่อน ::
  ล็อกอิน

รายการสื่อสารสนเทศ

ลำดับที่ ประเภท เลขเรียก/บาร์โค้ด สถานที่ สถานะ
- ไม่พบข้อมูล -

รายการใกล้เคียง
    ผู้แต่ง [วันเพ็ญ ภูติจันทร์]

    หัวเรื่อง [สรีรวิทยา]

BibComment


ยังไม่เคยถูกคอมเมนท์

คอมเมนท์ทรัพยากรรายการนี้
  คอมเมนท์: สรีรวิทยาทั่วไป ..


 Copyright 2026. Bcnsprnw @Library